বাংলা সমালোচনা পরিচয় / (Record no. 52837)
[ view plain ]
| 000 -LEADER | |
|---|---|
| fixed length control field | 01056nam a2200253 a 4500 |
| 001 - CONTROL NUMBER | |
| control field | 52837 |
| 003 - CONTROL NUMBER IDENTIFIER | |
| rucl marc code | BD-RjUL |
| 005 - DATE AND TIME OF LATEST TRANSACTION | |
| control field | 20211209075852.0 |
| 008 - FIXED-LENGTH DATA ELEMENTS--GENERAL INFORMATION | |
| fixed length control field | 160927s1970 ii ||||| |||| 00| 0 ben d |
| 020 ## - INTERNATIONAL STANDARD BOOK NUMBER | |
| Terms of availability | : IRs. 12.00 |
| 035 ## - SYSTEM CONTROL NUMBER | |
| System control number | (BD-RjUL)52957 |
| 040 ## - CATALOGING SOURCE | |
| Original cataloging agency | BD-RjUL |
| Language of cataloging | ben |
| Transcribing agency | BD-RjUL |
| 041 ## - LANGUAGE CODE | |
| Language code of text/sound track or separate title | ben |
| 082 ## - DEWEY DECIMAL CLASSIFICATION NUMBER | |
| Edition number | 23 |
| Classification number | 891.4409 |
| Author mark and year | SEB 1970 |
| 100 1# - MAIN ENTRY--PERSONAL NAME | |
| Personal name | সেনগুপ্ত, সুবোধচন্দ্র |
| 9 (RLIN) | 144638 |
| 245 10 - TITLE STATEMENT | |
| Title | বাংলা সমালোচনা পরিচয় / |
| Statement of responsibility, etc. | সুবোধচন্দ্র সেনগুপ্ত |
| 250 ## - EDITION STATEMENT | |
| Edition statement | ১ম সং. |
| 260 ## - PUBLICATION, DISTRIBUTION, ETC. (IMPRINT) | |
| Place of publication, distribution, etc. | কলিকাতা : |
| Name of publisher, distributor, etc. | এ. মুখার্জী অ্যাণ্ড কোং., |
| Date of publication, distribution, etc. | ১৯৭০ |
| 300 ## - PHYSICAL DESCRIPTION | |
| Pagination | [৮], ৩৬৪ পৃ. ; |
| Size | ১৯ সেমি. |
| 500 ## - GENERAL NOTE | |
| General note | তথ্যনির্দেশিকা সংযুক্ত |
| 650 ## - SUBJECT ADDED ENTRY--TOPICAL TERM | |
| Topical term or geographic name as entry element | বাংলা সাহিত্য |
| General subdivision | ইতিহাস ও সমালোচনা |
| 9 (RLIN) | 158000 |
| Topical term or geographic name as entry element | Bengali Literature |
| General subdivision | History and Criticism |
| 9 (RLIN) | 158001 |
| 942 ## - ADDED ENTRY ELEMENTS (KOHA) | |
| Source of classification or shelving scheme | Dewey Decimal Classification |
| Koha item type | Books |
| Lost status | Source of classification or shelving scheme | Damaged status | Not for loan | Collection code | Permanent Location | Current Location | Shelving location | Date acquired | Source of acquisition | Total Checkouts | Full call number | Date last seen | Copy number | Koha item type | Cost, normal purchase price |
|---|---|---|---|---|---|---|---|---|---|---|---|---|---|---|---|
| Dewey Decimal Classification | Not For Loan | Fiction | Central Library, University of Rajshahi | Central Library, University of Rajshahi | Reading Room | 11/09/1973 | India Gov. | B 891.4409 SEB 1970 | 27/09/2016 | C-1 | Books | ||||
| Dewey Decimal Classification | Fiction | Central Library, University of Rajshahi | Central Library, University of Rajshahi | 02/04/1974 | Mukhdumi and Ahsanullah Library Dhaka/Rajshahi | B 891.4409 SEB 1970 | 01/11/2016 | C-2 | Books | 18.75 | |||||
| Dewey Decimal Classification | Fiction | Central Library, University of Rajshahi | Central Library, University of Rajshahi | 19/09/1973 | K. P. Bagchi | B 891.4409 SEB 1970 | 24/11/2016 | C-4 | Books | 12.50 |